000 00617nam a2200181Ia 4500
003 GCL
008 140319s9999 xx 000 0 ara d
040 _aGCL /
_cGCL
082 0 4 _aق
_b962.11
_bع ت
100 1 _aعبدالعظيم رمضان
245 1 0 _aتاريخ الاسكندرية فى العصر الحديث /
_cعبدالعظيم رمضان
300 _a151 ص
490 _aتاريخ المصريين
_v0
650 0 4 _aمصر - تاريخ - العصر الحديث (1805 - 1956 )
650 0 4 _aالاسكندرية - تاريخ
650 0 4 _aالاسكندرية، محافظة
942 _2ddc
_cBK
999 _c52078
_d52078